000
00370 a2200169 4500
020
_a
N/S
040
_a
ULA-LD-MS
082
_a
331.2
100
_9
1028
_a
Chimpolo , Joao Maria Funzi
245
_a
Remuneraȯ̂ E Salr̀io
260
_b
S/E
300
_a
49
301
_e
0
650
_a
Recursos Humanos
670
_u
Remuneraȯ̂ E Salr̀io
942
_c
LIV-ELE
999
_c
2201
_d
2201